000 00730nam a2200265 a 4500
999 _c1759
_d1759
007 ta
008 200116t2010 xxk||||g|l||| 001 0 eng d
020 _a9781843118817
040 _aKO
_beng
041 0 _aeng
044 _axxk
082 0 4 _223
_a343.41096
_bH338
100 1 _aHazelwood, Steven J.
245 1 0 _aP and I clubs :
_blaw and practice /
_cSteven J. Hazelwood and David Semark
250 _a4th ed.
260 _aLondon :
_bLloyd's List ,
_c2010.
300 _axlviii, 472 p. ;
_c25 cm
504 _aIncludes Index.
650 0 _aMarine insurance
_xLaw and legislation
650 0 _aFraternal insurance
_xLaw and legislation
700 _aSemark, David
_eaut
904 _aA_BOSE
942 _cBK